| 000 | 00460cam a2200169 i 4500 | ||
|---|---|---|---|
| 020 | _a087872074X | ||
| 040 | _cDLC | ||
| 082 | 0 | 0 | _a301 DUX 1976 A012 Or. |
| 245 | 0 | 0 |
_aHuman ecology : _ban environmental approach / |
| 260 |
_aNorth Scituate, Mass. : _bDuxbury Press, _cc1976. |
||
| 300 |
_axiv, 370 p. : _bgraphs ; _c24 cm. |
||
| 650 | 0 | _aHuman ecology. | |
| 650 | 0 | _aAnthropology. | |
| 700 | 1 | _aRicherson, Peter J. | |
| 700 | 1 | _aMcEvoy, James, | |
| 942 | _cEK | ||
| 999 |
_c13907 _d13907 |
||